000 00433nam a2200157 a 4500
005 20140414132123.0
008 130222s19uu xx 00 eng d
020 _a9789814252966
050 _aTR 372.4
_bEs74 2010
245 _aEssential skills English :
_bKindergarten 1.
260 _aSingapore :
_bFarfiled Book Pub,
_c2010.
300 _a96
440 _aRising star
650 _aEnglish-
_xstudy & teaching.
999 _c115123
_d115123